Hóa học hữu cơ Phần bài tập T.2 Hóa học hữu cơ
Tóm lược các phản ứng thường gặp trong hoá học hữu cơ cùng 400 bài tập kèm hướng dẫn lời giải
保存先:
| 第一著者: | |
|---|---|
| フォーマット: | 図書 |
| 言語: | Vietnamese |
| 出版事項: |
H.
Khoa học và Kỹ thuật
2012
|
| 主題: | |
| タグ: |
タグ追加
タグなし, このレコードへの初めてのタグを付けませんか!
|
| Thư viện lưu trữ: | Mạng thư viện Đại học Đà Nẵng |
|---|
| LEADER | 01553aam a22003738a 4500 | ||
|---|---|---|---|
| 001 | 000018290 | ||
| 003 | 14718 | ||
| 005 | 20131008141055.0 | ||
| 008 | 131007s2012 viesd | ||
| 020 | |c 99000đ |d 300b | ||
| 041 | 0 | |a vie | |
| 082 | 1 | 4 | |2 14 |a 547.0076 |b NG-T |
| 100 | 1 | |a Ngô Thị Thuận | |
| 245 | 1 | 0 | |a Hóa học hữu cơ |b Phần bài tập |c Ngô Thị Thuận |n T.2 |p Hóa học hữu cơ |
| 260 | |a H. |b Khoa học và Kỹ thuật |c 2012 | ||
| 300 | |a 211 tr. |b hình vẽ |c 27 cm. | ||
| 500 | |a Dùng cho sinh viên khoa Hoá các trường đại học, cao đẳng | ||
| 520 | |a Tóm lược các phản ứng thường gặp trong hoá học hữu cơ cùng 400 bài tập kèm hướng dẫn lời giải | ||
| 650 | 0 | 4 | |2 Bộ TK TVQG |a Hóa học hữu cơ |x Bài tập |
| 650 | 7 | |2 Bộ TK TVQG | |
| 653 | |a Hóa học hữu cơ | ||
| 655 | 7 | |2 Bộ TK TVQG |a Tài liệu học tập | |
| 773 | |a Ngô Thị Thuận |d H. |d 2012 |d Khoa học và Kỹ thuật |t Hoá học hữu cơ |w 492379 | ||
| 773 | |d Khoa học và Kỹ thuật |d H. |d 2012 |t Hoá học hữu cơ |w 14716 | ||
| OWN | |a LSP | ||
| AVA | |a UDN50 |b LSP |d 547.0076 NG-T |e check_holdings |t Error 5003 Not defined in file expand_doc_bib_avail. |h N |k 1 | ||
| 999 | |a From the UDN01 | ||
| AVA | |a UDN50 |b LSP |d 547.0076 NG-T |e available |t Error 5001 Not defined in file expand_doc_bib_avail. |f 30 |g 1 |h N |i 66 |k 1 | ||
| TYP | |a Monograph | ||
| TYP | |a Printed language | ||
| 980 | |a Mạng thư viện Đại học Đà Nẵng | ||